[Event "SRB-ch U14 Girls"]
[Site "Kragujevac"]
[Date "2019.05.01"]
[Round "4"]
[White "Gligoric, Sofija"]
[Black "Petrovic, Julija"]
[Result "1/2-1/2"]
[WhiteElo "1458"]
[BlackElo "1212"]
[PlyCount "102"]
[EventDate "2019.04.29"]
[EventType "swiss"]
[EventRounds "9"]
[EventCountry "SRB"]
[SourceTitle "EXT 2022"]
[Source "ChessBase"]
[SourceDate "2021.10.06"]
[SourceVersion "1"]
[SourceVersionDate "2021.10.06"]
[SourceQuality "1"]

1. e4 c5 2. Nf3 e6 3. d4 cxd4 4. Nxd4 Nc6 5. Nc3 Qc7 6. Be3 a6 7. Bd3 b5 8. 0-0 h5 9. Nxc6 Qxc6 10. Be2 Nf6 11. Bf3 e5 12. Nd5 Nxd5 13. exd5 Qg6 14. Qd3 Qxd3 15. cxd3 d6 16. Rfe1 Bb7 17. d4 f5 18. dxe5 dxe5 19. Rad1 e4 20. Be2 Rd8 21. a4 Bb4 22. Bd2 Bxd2 23. Rxd2 bxa4 24. Bc4 Rc8 25. Ba2 Kd7 26. Rb1 Rc5 27. b4 axb3 28. Bxb3 Rb5 29. Ba4 Rc8 30. Bxb5+ axb5 31. h3 Rc5 32. d6 Bd5 33. Rdb2 Bc6 34. Rd2 Bd5 35. Kh2 Kxd6 36. f3 Kc6 37. fxe4 Bxe4 38. Rbd1 Rd5 39. Rxd5 Bxd5 40. Rg1 f4 41. g4 h4 42. g5 f3 43. Rf1 f2 44. Rxf2 b4 45. Rf4 Kc5 46. Rxh4 b3 47. Rg4 b2 48. Rg1 Kb4 49. Kg3 Ba2 50. Kg4 b1Q 51. Rxb1+ Bxb1 1/2-1/2